Structral design in metals (Record no. 11702)

000 -LEADER
fixed length control field 00502nam a22001937a 4500
001 - CONTROL NUMBER
control field 11702
003 - CONTROL NUMBER IDENTIFIER
control field BD-DhUET
008 - FIXED-LENGTH DATA ELEMENTS--GENERAL INFORMATION
fixed length control field 150218b xxu||||| |||| 00| 0 eng d
040 ## - CATALOGING SOURCE
Original cataloging agency DLC
Transcribing agency DLC
Modifying agency BD-DhUET
082 ## - DEWEY DECIMAL CLASSIFICATION NUMBER
Classification number 624.182
Item number WIL/1957
100 ## - MAIN ENTRY--PERSONAL NAME
Personal name Willims, Clifford D.
245 ## - TITLE STATEMENT
Title Structral design in metals
250 ## - EDITION STATEMENT
Edition statement 2nd ed.
260 ## - PUBLICATION, DISTRIBUTION, ETC. (IMPRINT)
Place of publication, distribution, etc. New York
Name of publisher, distributor, etc. Ronald Press
Date of publication, distribution, etc. 1957
300 ## - PHYSICAL DESCRIPTION
Extent viii, 655 p.
Other physical details ill.
Dimensions 17 cm.
650 #0 - SUBJECT ADDED ENTRY--TOPICAL TERM
Topical term or geographic name as entry element Metals Structural Engg
700 ## - ADDED ENTRY--PERSONAL NAME
Personal name Harris, Ernest C.
942 ## - ADDED ENTRY ELEMENTS (KOHA)
Koha item type General Book
Holdings
Price effective from Date acquired Shelving location Koha normalized classification for sorting Piece designation (barcode) Koha full call number Lost status Source of classification or shelving scheme Withdrawn status Sublocation or collection (holding branch) Not for loan Copy number Koha item type Location (home branch) Damaged status Koha date last seen
2015-02-182015-02-18Circulation section624_182000000000000_WIL_195761224624.182/WIL/1957   Central Library, BUET 1General BookCentral Library, BUET 2015-02-18
2015-02-182015-02-18Circulation section624_182000000000000_WIL_195742428624.182/WIL/1957   Central Library, BUET 2General BookCentral Library, BUET 2015-02-18
2015-02-182015-02-18Circulation section624_182000000000000_WIL_195711560624.182/WIL/1957   Central Library, BUET 3General BookCentral Library, BUET 2015-02-18
2015-02-182015-02-18Circulation section624_182000000000000_WIL_195761147624.182/WIL/1957   Central Library, BUET 4General BookCentral Library, BUET 2015-02-18
2015-05-102015-05-10Circulation section624_182000000000000_WIL_195742357624.182/WIL/1957   Central Library, BUET 5General BookCentral Library, BUET 2015-05-10
2015-05-122015-05-12Circulation section624_182000000000000_WIL_195711559624.182/WIL/1957   Central Library, BUET 6General BookCentral Library, BUET 2015-05-12